Dates_Grèce Antique - Statistiques

Statistiques générales
  • Ce quiz a été pris 15 fois
  • Le résultat moyen est 3 sur 26
Statistiques - réponses
Questions Date % Correct
1ère guerre médique (Marathon) -490
80%
Bataille de salamine -480
70%
Bataille de Platées -479
40%
Ligue de Dèlos -478
30%
Bataille de Thermopyles -480
20%
Loi de Périclès -451
10%
Révolte de Naxos -469
10%
Révolte ionienne -499/-494
10%
Hellénistique -323/-30
0%
Conquête Alexandre -334/-323
0%
Ligue de Corinthe -337
0%
Bataille de Chéronée -338
0%
Trente Tyrans -404/-403
0%
Coup d'État oligarchique des Quatre Cents -411
0%
Expédition de Sicile -415/-413
0%
Paix de Nicias -421
0%
Guerre du Péloponnèse -431/-404
0%
Paix de 30 ans -445
0%
Grands travaux -449
0%
Réformes d'Éphialtès -462/-461
0%
2nd guerre médique (Thermopyles, Salamine, Platées) -480/-479
0%
Guerres médiques -499/-479
0%
Réforme de Clisthène -508/-507
0%
Époque archaïque VIII/V av J.C
0%
Classique V/IV av J.C
0%
Haut archaïsme XII/VIII av J.C
0%
Aucun quiz correspondant
Distribution des résultats
% des personnes avec chaque résultat
Percentile par nombre de réponses
Votre historique - résultats
Vous n’avez pas pris ce quiz